Countries By Animal - Statistics

General Stats
  • This quiz has been taken 1,244 times
  • The average score is 7 of 20
Answer Stats
Animal Country % Correct
Kangaroo + Emu Australia
97%
Bald Eagle United States of America
92%
Kiwi New Zealand
91%
Lion + Unicorn United Kingdom
76%
Ring Tailed Lemur Madagascar
61%
Bull Spain
60%
Black Eagle Germany
45%
Giraffe Tanzania
41%
Dodo Mauritius
31%
Fennec Fox Algeria
22%
Tiger + Water Buffalo + Dragon Vietnam
22%
Barbary Lion Morocco
21%
Dolphin + Phoenix Greece
18%
African Fish Eagle Zambia
16%
Snow Leopard Afghanistan
13%
Golden Eagle Albania
13%
Leopard Somalia
12%
Oryx Jordan
5%
Yellow-Fin Tuna Maldives
5%
White Eagle + Falcon + Wolf Serbia
5%
No matching quizzes found
Score Distribution
Percent of People with Each Score
Percentile by Number Answered
Your Score History
You have not taken this quiz